00479 a2200181 450000100060000002000150000604000240002110000210004524000270006624500220009330000070011536200090012244000120013165000240014394200070016795201060017499900170028068718 a8508006292 cAnchieta - Itaigara aBelinky, Tatiana10aMedroso! Medroso!lpor10aMedroso! Medroso! a240 a1999 1aÁtica 4aLiteratura infantil cBK 00104070a88.1b88.1d2023-11-21l0oLI 028.5 BEL MEDp352/ITAr2023-11-21 20:02:59w2023-11-21yBK c68718d68718